| 000 | 00516nam a22001937a 4500 | ||
|---|---|---|---|
| 005 | 20260119203325.0 | ||
| 008 | 260119b |||||||| |||| 00| 0 eng d | ||
| 020 | _a10-3456-234-23 | ||
| 050 |
_aQD 462 .N12 2010 _b345 |
||
| 100 | _aNjoroge, john | ||
| 245 | _aAgriculture kenya | ||
| 250 | _a2nd ed. | ||
| 260 |
_aNairobi _bLonghorn _c2010 |
||
| 300 | _aX, 302p: Ill. | ||
| 500 | _aInclude bibliographical reference and indexes | ||
| 650 | _aAgriculture | ||
| 700 | _aOchieng, George | ||
| 942 |
_2lcc _cBK |
||
| 999 |
_c216488 _d216488 |
||